Random Soccer/Football Players - Statistics

General Stats
  • This quiz has been taken 154 times
  • The average score is 30 of 50
Answer Stats
Country League Team Position Answer % Correct
Portugal Premier League Manchester United CAM Bruno Fernandes
95%
Egypt Premier League Liverpool RW Mohamed Salah
86%
France LaLiga Real Madrid ST Karim Benzema
83%
England Premier League Arsenal RW/RM Bukayo Saka
80%
England Premier League Manchester United CB Harry Maguire
80%
Netherlands LaLiga Barcelona CM Frenkie de Jong
78%
Brazil Ligue 1 PSG CB Marquinhos
77%
Germany Bundesliga Bayern Munich CAM/CF Thomas Müller
77%
Senegal Premier League Chelsea GK Edouard Mendy
73%
England Bundesliga Dortmund CM Jude Bellingham
73%
Sweden Premier League Tottenham RW/RM Dejan Kulusevski
72%
Germany Premier League Chelsea CAM/ST Kai Havertz
70%
Portugal Premier League Liverpool LW/ST Diogo Jota
67%
Belgium Premier League Manchester City CM Kevin De Bruyne
67%
Croatia LaLiga Real Madrid CM Luka Modric
67%
Netherlands LaLiga Barcelona ST Memphis Depay
67%
Argentina Ligue 1 PSG RW Lionel Messi
66%
Belgium Premier League Chelsea ST Romelu Lukaku
66%
South Korea Premier League Tottenham LW/LM Son
66%
USA Premier League Chelsea LW Christian Pullisic
64%
Norway Bundesliga Dortmund ST Erling Haaland
64%
Poland Bundesliga Bayern Munich ST Robert Lewandowski
64%
England Premier League Liverpool RB Trent Alexander-Arnold
64%
Portugal Premier League Manchester United ST - suey Cristiano Ronaldo
63%
Serbia Serie A Juventus ST Dusan Vlahovic
63%
Italy Serie A Lazio ST Ciro Immobile
61%
Canada Ligue 1 LOSC Lille ST Jonathan David
61%
Spain LaLiga Barcelona CDM/CM Pedri
60%
Cameroon Eredivisie Ajax GK André Onana
59%
England Premier League West Ham CDM Declan Rice
59%
Colombia Premier League Liverpool LW/LM Luis Diaz
59%
Ukraine Premier League Manchester City LB/CB Oleksandr Zinchenko
59%
France Serie A A.C. Milan LB Theo Hernandez
58%
Italy Serie A Juventus CB Leonardo Bonucci
55%
Colombia Qatar Stars Super League Al-rayyan CAM James Rodriguez
53%
Scotland Premier League Arsenal LB Kieran Tierney
53%
Chile Serie A Inter Milan LW Alexis Sanchez
52%
Cameroon Bundesliga Bayern Munich ST Eric Maxim Choupo-Moting
51%
Brazil Premier League Aston Villa LW/CAM Philippe Coutinho
51%
Spain LaLiga Villarreal CM Dani Parejo
49%
France LaLiga Real Betis CAM Nabil Fekir
49%
Spain Bundesliga RB Leipzig CAM Dani Olmo
48%
Spain LaLiga Atletico Madrid CM Koke
48%
France Premier League Aston Villa LB Lucas Digne
43%
Australia LaLiga Real Sociedad GK Mat Ryan
40%
Denmark Premier League Brentford CM/CAM Christian Eriksen
33%
Argentina LaLiga Villarreal CM Giovani Lo Celso
29%
Russia LaLiga Valencia LW Denis Cheryshev
23%
Japan Scottish Premiership Celtic LW Kyogo Furuhashi
14%
Australia A-League Melbourne City CF/ST Jamie Maclaren
11%
No matching quizzes found
Score Distribution
Percent of People with Each Score
Percentile by Number Answered
Your Score History
You have not taken this quiz